| 000 | 00000nam##2200000za#4500 |
| 001 | 9.601681 |
| 003 | CaOODSP |
| 005 | 20210624210205 |
| 007 | cr ||||||||||| |
| 008 | 150406|2003||||xxc|||||o f|0| 0 fre|d |
| 040 | |aCaOODSP|bfre |
| 043 | |an-cn--- |
| 086 | 1 |aYC17-0/372-14F-PDF |
| 110 | 1 |aCanada. |bParlement. |bSénat. |bComité sénatorial permanent des affaires sociales, des sciences et de la technologie. |
| 245 | 10|aRéforme de la protection et de la promotion de la santé au Canada : |h[ressource électronique]|ble temps d'agir / |cL'honorable Michael J.L. Kirby, président ; l'honorable Marjory LeBreton, vice-présidente. |
| 246 | 3 |aRapport du Comité sénatorial permanent des affaires sociales, des sciences et de la technologie |
| 260 | |aOttawa - Ontario : |bSénat. |cNovembre 2003. |
| 300 | |a79p.|bfigure, références, tableaux |
| 490 | 1 |aRapport du Comité sénatorial permanent des Affaires sociales, des sciences et de la technologie|v37e législature, 2e session, [14e rapport] |
| 590 | |a11-12-Supp|b2011-07-29 |
| 775 | 08|tReforming health protection and promotion in Canada : |w(CaOODSP)9.571038 |
| 830 | #0|aRapport du Comité sénatorial permanent des affaires sociales, des sciences et de la technologie ;|v37e législature, 2e session, [14e rapport]|w(CaOODSP)9.501656 |
| 856 | 40|ahttp://publications.gc.ca|qPDF|s561 Ko|uhttps://publications.gc.ca/collections/collection_2011/sen/yc17-0/YC17-0-372-14-fra.pdf|y37e législature, 2e session, [14e rapport] |